College Quizbowl Stats
College Quizbowl Stats
Circuits
Seasons
Sets
Records
Detailed Stats
About
Loading...
2023 BHSU @ Northwestern
Tossups
Bonuses
Players
Teams
Categories (Tossup)
Categories (Bonus)
Undetermined 4th
Brownstein et al.
Categories
Category
Powers
Gets
Negs
BBs
Points
Earliest Buzz
Avg. Buzz
First Buzzes
Top 3 Buzzes
Arts - Music
0
2
0
0
20
73
93.00
0
1
Science - Engineering
1
0
0
0
15
40
40.00
1
1
Other - Geo/CE
0
1
0
1
10
128
128.00
0
0
Science - Other Science
0
1
0
0
10
77
77.00
0
1
Thought - Social Science
0
1
0
1
10
106
106.00
0
0
Buzzes
Category
Answer
Value
Buzz Position
Science - Engineering
vehicle traffic
15
40
Arts - Music
fantasias
10
73
Science - Other Science
databases
10
77
Thought - Social Science
rhoticity
10
106
Arts - Music
clarinet
10
113
Other - Geo/CE
Tamil Nadu
10
128
Previous
1
Next